[Event "GER-chT U16"]
[Site "Uelzen"]
[Date "2007.12.27"]
[Round "2.1"]
[White "Tschlatscher, Thomas"]
[Black "Jorczik, Julian Marcel"]
[Result "0-1"]
[WhiteElo "1986"]
[BlackElo "2362"]
[PlyCount "70"]
[EventDate "2007.12.27"]
[EventType "team-swiss"]
[EventRounds "7"]
[EventCountry "GER"]
[SourceTitle "EXT 2022"]
[Source "ChessBase"]
[SourceDate "2021.10.06"]
[SourceVersion "1"]
[SourceVersionDate "2021.10.06"]
[SourceQuality "1"]
[WhiteTeam "Heilbronn U16"]
[BlackTeam "Muenchen Suedost SK U16"]
[WhiteTeamCountry "GER"]
[BlackTeamCountry "GER"]

1. d4 Nf6 2. Nc3 d5 3. e4 dxe4 4. f3 exf3 5. Nxf3 Bg4 6. Bc4 e6 7. Bf4 Bd6 8. Bg5 0-0 9. 0-0 Be7 10. Bd3 Nc6 11. Qe1 Nb4 12. Qh4 Nxd3 13. Bxf6 Bxf6 14. Qxg4 Nxb2 15. Ne5 h5 16. Qe4 Nc4 17. Rad1 Nd6 18. Qe2 g6 19. g4 Bg7 20. Rd3 Qg5 21. Rg3 h4 22. Rg2 c5 23. Ne4 Nxe4 24. Qxe4 cxd4 25. Nxf7 Qe3+ 26. Qxe3 dxe3 27. Ng5 Bd4 28. Rxf8+ Rxf8 29. Re2 e5 30. Kg2 Bb6 31. Nf3 h3+ 32. Kg3 e4 33. Ng1 Rf2 34. Kxh3 Bc7 35. g5 Bxh2 0-1

[Event "GER-ch U25"]
[Site "Willingen"]
[Date "2007.06.01"]
[Round "9"]
[White "Jahncke, Giso"]
[Black "Tschlatscher, Thomas"]
[Result "1-0"]
[WhiteElo "1992"]
[BlackElo "1936"]
[PlyCount "109"]
[EventDate "2007.05.26"]
[EventType "swiss"]
[EventRounds "9"]
[EventCountry "GER"]
[SourceTitle "CBM 118 Extra"]
[Source "ChessBase"]
[SourceDate "2007.07.04"]
[SourceVersion "1"]
[SourceVersionDate "2007.07.04"]
[SourceQuality "1"]

1. e4 e5 2. Nc3 Nc6 3. Bc4 d6 4. f4 Nf6 5. d3 Bg4 6. Nge2 exf4 7. Bxf4 Nd4 8. h3 Nxe2 9. Nxe2 Be6 10. Bxe6 fxe6 11. e5 dxe5 12. Bxe5 Bd6 13. Bxd6 cxd6 14. c3 0-0 15. Qb3 Kh8 16. 0-0 Nd5 17. Rxf8+ Qxf8 18. Rf1 Qe7 19. Nf4 Nxf4 20. Rxf4 b6 21. Re4 e5 22. d4 Qb7 23. Qc2 Re8 24. Qe2 Qe7 25. Qb5 h6 26. a4 Qe6 27. dxe5 dxe5 28. a5 Kh7 29. axb6 Qxb6+ 30. Qxb6 axb6 31. Rb4 Re6 32. Kf2 Kg6 33. Kf3 Kf5 34. g4+ Kg5 35. Kg3 g6 36. h4+ Kf6 37. Kf3 h5 38. gxh5 gxh5 39. Ke4 Rc6 40. b3 Ke6 41. Rb5 Kd6 42. c4 Kc7 43. Rxe5 Rh6 44. Rd5 Rh8 45. Kf4 Kc6 46. Kg5 Re8 47. Kxh5 Re3 48. Rb5 Rg3 49. Kh6 Rg4 50. h5 Rg3 51. Kh7 Kc7 52. h6 Kc6 53. Rf5 Kd7 54. Rf6 Rxb3 55. Kg7 1-0

[Event "GER-ch U25"]
[Site "Willingen"]
[Date "2007.05.31"]
[Round "8"]
[White "Tschlatscher, Thomas"]
[Black "Seyrich, Maximilian"]
[Result "1-0"]
[WhiteElo "1936"]
[BlackElo "1895"]
[PlyCount "73"]
[EventDate "2007.05.26"]
[EventType "swiss"]
[EventRounds "9"]
[EventCountry "GER"]
[SourceTitle "CBM 118 Extra"]
[Source "ChessBase"]
[SourceDate "2007.07.04"]
[SourceVersion "1"]
[SourceVersionDate "2007.07.04"]
[SourceQuality "1"]

1. e4 e5 2. Nf3 Nf6 3. Nc3 Bb4 4. Bc4 0-0 5. 0-0 Nc6 6. d3 Bxc3 7. bxc3 d6 8. h3 Be6 9. Bxe6 fxe6 10. Rb1 b6 11. Qe2 Re8 12. d4 d5 13. exd5 exd5 14. Nxe5 Nxe5 15. dxe5 Ne4 16. Bb2 Rxe5 17. f3 Qe7 18. fxe4 Rxe4 19. Qf3 Re8 20. Kh1 c6 21. Rf2 Re3 22. Qf4 Re4 23. Qd2 Qh4 24. Rbf1 Qh5 25. Ba3 h6 26. Qd3 Re1 27. Rxe1 Rxe1+ 28. Kh2 Qe5+ 29. g3 Re4 30. Rf8+ Kh7 31. Rf4 c5 32. c4 Kh8 33. Rf8+ Kh7 34. cxd5 g6 35. Qf1 Qxd5 36. Bb2 Re7 37. Rh8# 1-0